Estatísticas para Vencedores do Prêmio Melhores do Ano - Jornalista

Clique aqui para jogar o quiz

Estatísticas Gerais

  • Esse quiz foi jogado 25 vezes
  • A pontuação média é 14 de 17

Estatísticas das Respostas

AnoJornalista% Correto
2009William Bonner
100%
2013William Bonner
100%
2011Fátima Bernardes
90%
2004Fátima Bernardes
90%
2005Fátima Bernardes
90%
2006Fátima Bernardes
90%
2007Fátima Bernardes
90%
2014Evaristo Costa
80%
2019Maria Júlia Coutinho
80%
2012Sandra Annenberg
80%
2016Sandra Annenberg
80%
2017Sandra Annenberg
80%
2018Sandra Annenberg
80%
2008Patricia Poeta
70%
2003Ana Paula Padrão
65%
2015Renata Vasconcellos
60%
2010Tiago Leifert
50%

Distribuição das Pontuações

Percentil de Números Respondidos

Porcentagem de Pessoas com Cada Pontuação

Sua Pontuação Histórica

Você não jogou esse quiz